[Event "EU-ch rapid"]
[Site "Skopje"]
[Date "2018.12.08"]
[Round "7"]
[White "Cerovic, Danilo"]
[Black "Rusev, Krasimir"]
[Result "1/2-1/2"]
[WhiteElo "2333"]
[BlackElo "2520"]
[PlyCount "146"]
[EventDate "2018.12.08"]
[EventType "swiss (rapid)"]
[EventRounds "13"]
[EventCountry "MKD"]
[SourceTitle "CBM 187 Extra"]
[Source "ChessBase"]
[SourceDate "2018.11.04"]
[SourceVersion "1"]
[SourceVersionDate "2018.11.04"]
[SourceQuality "1"]

1. e4 e5 2. Nf3 d6 3. d4 exd4 4. Nxd4 Nf6 5. Nc3 Be7 6. Qf3 0-0 7. Nf5 Bxf5 8. Qxf5 Re8 9. Be3 Nbd7 10. 0-0-0 a6 11. h4 Bf8 12. g4 b5 13. g5 g6 14. Qh3 Nh5 15. Be2 b4 16. Nd5 c6 17. Nxb4 Rxe4 18. Nxc6 Qc7 19. Bxh5 gxh5 20. Nd4 Rc8 21. c3 d5 22. Nf5 Ne5 23. Bd4 Ng6 24. Ng3 Rxh4 25. Qf5 Rxh1 26. Rxh1 Qf4+ 27. Qxf4 Nxf4 28. Kd2 Be7 29. Nf5 Re8 30. Be3 Ng6 31. Rxh5 Bd8 32. Nh6+ Kf8 33. Bc5+ Be7 34. Bxe7+ Rxe7 35. Ng4 Re4 36. Nf6 Rf4 37. Ke3 Rf5 38. Nxh7+ Ke7 39. f3 Re5+ 40. Kd4 Re2 41. Nf6 Kd6 42. Rh7 Ke6 43. Rh1 Rd2+ 44. Kc5 Rxb2 45. Re1+ Kf5 46. Nxd5 Rxa2 47. Nb4 Ra3 48. Rc1 Kxg5 49. Kb6 a5 50. Nd5 a4 51. Kb5 Nf4 52. Nb6 Rb3+ 53. Ka5 a3 54. c4 Ne2 55. Ra1 Nc3 56. Nd5 Nxd5 57. cxd5 Rxf3 58. Kb6 Rd3 59. Kc6 Rc3+ 60. Kd7 f5 61. d6 f4 62. Ke8 Re3+ 63. Kf7 Rd3 64. Ke7 f3 65. d7 f2 66. Rf1 a2 67. d8Q Rxd8 68. Kxd8 Kg4 69. Ra1 Kf3 70. Kd7 Ke3 71. Ke6 Kd4 72. Rf1 Kc3 73. Ke5 Kb2 1/2-1/2

[Event "Belgrade Trophy 32nd"]
[Site "Belgrade"]
[Date "2018.11.27"]
[Round "4"]
[White "Gunduz, Umut Erdem"]
[Black "Cerovic, Danilo"]
[Result "1/2-1/2"]
[WhiteElo "2205"]
[BlackElo "2333"]
[PlyCount "92"]
[EventDate "2018.11.24"]
[EventType "swiss"]
[EventRounds "9"]
[EventCountry "SRB"]
[SourceTitle "CBM 187 Extra"]
[Source "ChessBase"]
[SourceDate "2018.11.04"]
[SourceVersion "1"]
[SourceVersionDate "2018.11.04"]
[SourceQuality "1"]

1. e4 e6 2. d4 d5 3. Nc3 Nf6 4. e5 Nfd7 5. f4 c5 6. Nf3 Nc6 7. Be3 Be7 8. Qd2 0-0 9. dxc5 Nxc5 10. 0-0-0 Rb8 11. Kb1 b5 12. Bxc5 Bxc5 13. Bd3 f5 14. exf6 Qxf6 15. Ne2 Nb4 16. Ne5 a5 17. Rhf1 a4 18. Qc3 Bd6 19. Nd4 Nxd3 20. cxd3 a3 21. b4 Qh4 22. g3 Qxh2 23. Nef3 Qh6 24. Nc6 Ra8 25. Nfe5 Bb7 26. Na5 d4 27. Qxd4 Bxe5 28. Qxe5 Bd5 29. Qc3 Qh2 30. Qxa3 Qxg3 31. Qb2 g6 32. Qd2 Rac8 33. Rde1 Rf7 34. Nb3 Bxb3 35. axb3 Qg4 36. Re4 Qf5 37. Rfe1 Qd5 38. Kb2 Rc6 39. Qe3 Rfc7 40. Qd2 Ra6 41. Rc1 Rac6 42. Rxc6 Qxc6 43. Re5 Qb6 44. d4 Qa6 45. Rc5 Ra7 46. Qe1 Qd6 1/2-1/2

[Event "Belgrade Trophy 32nd"]
[Site "Belgrade"]
[Date "2018.11.25"]
[Round "2"]
[White "Vukas, Radenko"]
[Black "Cerovic, Danilo"]
[Result "1/2-1/2"]
[WhiteElo "2079"]
[BlackElo "2333"]
[PlyCount "61"]
[EventDate "2018.11.24"]
[EventType "swiss"]
[EventRounds "9"]
[EventCountry "SRB"]
[SourceTitle "CBM 187 Extra"]
[Source "ChessBase"]
[SourceDate "2018.11.04"]
[SourceVersion "1"]
[SourceVersionDate "2018.11.04"]
[SourceQuality "1"]

1. e4 e6 2. d4 d5 3. Nd2 a6 4. Ngf3 c5 5. c3 cxd4 6. cxd4 dxe4 7. Nxe4 Bb4+ 8. Bd2 Bxd2+ 9. Qxd2 Ne7 10. Bd3 Nbc6 11. Ng3 Qa5 12. Qxa5 Nxa5 13. Rc1 0-0 14. 0-0 Nac6 15. Be4 Rd8 16. Rfd1 Nb4 17. Nf1 Nbd5 18. Ne3 b6 19. Bxd5 exd5 20. Ne5 Rd6 21. Rc7 Kf8 22. Rdc1 Be6 23. f4 f6 24. f5 Bc8 25. Nd3 g6 26. fxg6 hxg6 27. Nf4 Bd7 28. Rb7 Bc8 29. Rbc7 Bd7 30. Rb7 Bc8 31. Rbc7 1/2-1/2

[Event "Belgrade Trophy 32nd"]
[Site "Belgrade"]
[Date "2018.11.24"]
[Round "1"]
[White "Cerovic, Danilo"]
[Black "Gratze, Michael"]
[Result "1-0"]
[WhiteElo "2333"]
[BlackElo "1923"]
[PlyCount "45"]
[EventDate "2018.11.24"]
[EventType "swiss"]
[EventRounds "9"]
[EventCountry "SRB"]
[SourceTitle "CBM 187 Extra"]
[Source "ChessBase"]
[SourceDate "2018.11.04"]
[SourceVersion "1"]
[SourceVersionDate "2018.11.04"]
[SourceQuality "1"]

1. e4 c5 2. g3 d5 3. exd5 Qxd5 4. Nf3 Bg4 5. Bg2 Qe6+ 6. Kf1 Nc6 7. h3 Bh5 8. d3 Qd7 9. Nbd2 e5 10. g4 Bg6 11. Nh4 Nf6 12. Nc4 0-0-0 13. Nxg6 hxg6 14. a4 e4 15. g5 Nd5 16. Bxe4 Rh4 17. Bd2 Be7 18. Qf3 f5 19. gxf6 Bxf6 20. c3 Nc7 21. a5 Rdh8 22. a6 b5 23. Nb6+ 1-0

[Event "Belgrade-chT Quality"]
[Site "Belgrade"]
[Date "2018.09.21"]
[Round "5.3"]
[White "Cerovic, Danilo"]
[Black "Krgovic, Veselin"]
[Result "1/2-1/2"]
[WhiteElo "2300"]
[BlackElo "2171"]
[PlyCount "28"]
[EventDate "2018.09.17"]
[EventType "team-tourn"]
[EventRounds "11"]
[EventCountry "SRB"]
[SourceTitle "CBM 186 Extra"]
[Source "ChessBase"]
[SourceDate "2018.08.24"]
[SourceVersion "1"]
[SourceVersionDate "2018.08.24"]
[SourceQuality "1"]
[WhiteTeam "Rudovci Radnicki"]
[BlackTeam "Cukaricki"]
[WhiteTeamCountry "SRB"]
[BlackTeamCountry "SRB"]

1. e4 e5 2. Nf3 Nc6 3. Nc3 Nf6 4. Bb5 Bd6 5. d3 a6 6. Ba4 b5 7. Bb3 Bb7 8. Bg5 Be7 9. a3 h6 10. Bxf6 Bxf6 11. Nd5 d6 12. Qd2 0-0 13. d4 Nxd4 14. Nxd4 exd4 1/2-1/2

[Event "Belgrade-chT Quality"]
[Site "Belgrade"]
[Date "2018.09.20"]
[Round "4.5"]
[White "Lorens Ristovic, Lami M"]
[Black "Cerovic, Danilo"]
[Result "0-1"]
[WhiteElo "2086"]
[BlackElo "2300"]
[PlyCount "69"]
[EventDate "2018.09.17"]
[EventType "team-tourn"]
[EventRounds "11"]
[EventCountry "SRB"]
[SourceTitle "CBM 186 Extra"]
[Source "ChessBase"]
[SourceDate "2018.08.24"]
[SourceVersion "1"]
[SourceVersionDate "2018.08.24"]
[SourceQuality "1"]
[WhiteTeam "MZ Cirilo i Metodije"]
[BlackTeam "Rudovci Radnicki"]
[WhiteTeamCountry "SRB"]
[BlackTeamCountry "SRB"]

1. c4 e5 2. Nc3 Nf6 3. Nf3 Nc6 4. d4 exd4 5. Nxd4 Bc5 6. Nxc6 bxc6 7. g3 Ng4 8. e3 Ne5 9. Be2 d6 10. h4 f5 11. b3 0-0 12. Na4 Bb4+ 13. Bd2 Bxd2+ 14. Qxd2 Qf6 15. Rd1 c5 16. Nc3 Bb7 17. Nd5 Bxd5 18. Qxd5+ Kh8 19. f4 Nd7 20. Kf2 a5 21. g4 fxg4 22. Bxg4 Ne5 23. Bf3 Nxf3 24. Kxf3 a4 25. Qg5 Qf7 26. h5 h6 27. Qg6 Qe7 28. Qe4 Qd7 29. Rh4 axb3 30. axb3 Rab8 31. Qd3 Rf6 32. Rg4 Re6 33. Re1 Qf7 34. Rg6 Rbe8 35. Rxe6 0-1

[Event "Arad op 11th"]
[Site "Arad"]
[Date "2018.08.07"]
[Round "4"]
[White "Jianu, Vlad Cristian"]
[Black "Cerovic, Danilo"]
[Result "1-0"]
[WhiteElo "2542"]
[BlackElo "2320"]
[PlyCount "79"]
[EventDate "2018.08.05"]
[EventType "swiss"]
[EventRounds "9"]
[EventCountry "ROU"]
[SourceTitle "CBM 185 Extra"]
[Source "ChessBase"]
[SourceDate "2018.07.29"]
[SourceVersion "1"]
[SourceVersionDate "2018.07.29"]
[SourceQuality "1"]

1. d4 d5 2. c4 c6 3. Nf3 Nf6 4. e3 Bf5 5. Nc3 e6 6. Nh4 Be4 7. f3 Bg6 8. Qb3 Qc7 9. Bd2 Be7 10. Nxg6 hxg6 11. g3 dxc4 12. Bxc4 Nbd7 13. 0-0 0-0 14. Rfd1 b5 15. Be2 a6 16. Rac1 c5 17. Be1 Qb7 18. Bf2 cxd4 19. exd4 Rac8 20. a4 b4 21. a5 Rc7 22. Na2 Rfc8 23. Rxc7 Rxc7 24. Qd3 Qd5 25. Rc1 Qxa5 26. Qxa6 Rxc1+ 27. Nxc1 Qxa6 28. Bxa6 Nd5 29. Kf1 Kf8 30. Ke2 N7b6 31. Nd3 Bd6 32. Ne5 Na4 33. Nc4 Ke7 34. Kd3 Nab6 35. Nxb6 Nxb6 36. Kc2 Nd5 37. Kb3 e5 38. Bc4 Ke6 39. Ka4 exd4 40. Bxd4 1-0

[Event "Arad op 11th"]
[Site "Arad"]
[Date "2018.08.06"]
[Round "3"]
[White "Cerovic, Danilo"]
[Black "Creanga, Robert Ionut"]
[Result "1-0"]
[WhiteElo "2320"]
[BlackElo "2069"]
[PlyCount "65"]
[EventDate "2018.08.05"]
[EventType "swiss"]
[EventRounds "9"]
[EventCountry "ROU"]
[SourceTitle "CBM 185 Extra"]
[Source "ChessBase"]
[SourceDate "2018.07.29"]
[SourceVersion "1"]
[SourceVersionDate "2018.07.29"]
[SourceQuality "1"]

1. Nf3 c5 2. e4 Nc6 3. Bb5 g6 4. Bxc6 dxc6 5. d3 Bg7 6. h3 Nf6 7. Nc3 0-0 8. Be3 b6 9. Qd2 e5 10. Bh6 Qd6 11. g4 Be6 12. Ne2 a5 13. Ng3 a4 14. Bxg7 Kxg7 15. Qg5 Nd7 16. Nh5+ Kh8 17. Nf6 Kg7 18. Nxd7 Qxd7 19. Qxe5+ f6 20. Qc3 Kg8 21. a3 Qe7 22. 0-0-0 Bd7 23. Rhe1 b5 24. d4 cxd4 25. Qxd4 Rfd8 26. e5 f5 27. g5 Be6 28. Qb4 Qa7 29. Rd2 Bd5 30. Ng1 Re8 31. h4 Qc7 32. Qc3 f4 33. Rxd5 1-0

[Event "Paracin Summer op-A 11th"]
[Site "Paracin"]
[Date "2018.07.12"]
[Round "8"]
[White "Shyam, Sundar M"]
[Black "Cerovic, Danilo"]
[Result "1/2-1/2"]
[WhiteElo "2527"]
[BlackElo "2294"]
[PlyCount "116"]
[EventDate "2018.07.06"]
[EventType "swiss"]
[EventRounds "9"]
[EventCountry "SRB"]
[SourceTitle "CBM 185 Extra"]
[Source "ChessBase"]
[SourceDate "2018.07.29"]
[SourceVersion "1"]
[SourceVersionDate "2018.07.29"]
[SourceQuality "1"]

1. e4 c6 2. c4 d5 3. exd5 cxd5 4. cxd5 Nf6 5. Nc3 Nxd5 6. Nf3 g6 7. Qb3 Nb6 8. Bb5+ Bd7 9. Ne5 e6 10. Nxd7 N8xd7 11. d4 Bg7 12. 0-0 0-0 13. Rd1 Nf6 14. Be2 Qd7 15. Bf4 Nfd5 16. Bg3 Ne7 17. Bb5 Qd8 18. Bh4 h6 19. a4 Nbd5 20. Bc4 Qa5 21. Bg3 Rac8 22. Rac1 b6 23. Nb5 Nf5 24. Be5 Bxe5 25. dxe5 a6 26. Na7 Rc7 27. Bxd5 Rxa7 28. Be4 b5 29. Bxf5 exf5 30. Rd6 Kg7 31. axb5 Qxb5 32. Qc3 Kh7 33. e6 Qe8 34. exf7 Rfxf7 35. h4 Rfd7 36. Rc6 Qe2 37. Rc8 Rd1+ 38. Kh2 Rg7 39. Rc7 Rdd7 40. Rxd7 Rxd7 41. Qc6 Qe5+ 42. g3 Qd6 43. Qf3 Qd5 44. Qf4 Qd6 45. Qf3 Qd5 46. Qe3 Qd4 47. Rc7 Qd6 48. Rxd7+ Qxd7 49. Qb6 Qd2 50. Qb7+ Kg8 51. Kg2 Qd6 52. h5 Qf6 53. hxg6 Qxg6 54. b4 h5 55. Qc7 Kf8 56. f3 Qe6 57. Qf4 Kf7 58. Kh3 Kg6 1/2-1/2

[Event "Paracin Summer op-A 11th"]
[Site "Paracin"]
[Date "2018.07.10"]
[Round "5"]
[White "Cerovic, Danilo"]
[Black "Ivic, Velimir"]
[Result "0-1"]
[WhiteElo "2294"]
[BlackElo "2432"]
[PlyCount "60"]
[EventDate "2018.07.06"]
[EventType "swiss"]
[EventRounds "9"]
[EventCountry "SRB"]
[SourceTitle "CBM 185 Extra"]
[Source "ChessBase"]
[SourceDate "2018.07.29"]
[SourceVersion "1"]
[SourceVersionDate "2018.07.29"]
[SourceQuality "1"]

1. Nf3 Nf6 2. g3 g6 3. Bg2 Bg7 4. 0-0 0-0 5. c4 d6 6. d4 c5 7. Nc3 Nc6 8. d5 Na5 9. Nd2 a6 10. Qc2 Bd7 11. b3 b5 12. Bb2 Rb8 13. Rab1 e5 14. dxe6 Bxe6 15. Nce4 Nxe4 16. Nxe4 Bxb2 17. Rxb2 bxc4 18. Qc3 f5 19. Nxd6 Qxd6 20. Qxa5 cxb3 21. axb3 Rxb3 22. Rxb3 Bxb3 23. Rc1 Rc8 24. Qa1 c4 25. Qa5 Rc5 26. Qc3 a5 27. Re1 Qe5 28. Qc1 c3 29. e4 c2 30. exf5 Qxe1+ 0-1

[Event "Veliko Gradiste Silver Lake op"]
[Site "Veliko Gradiste"]
[Date "2018.06.24"]
[Round "9"]
[White "Cerovic, Danilo"]
[Black "Savicevic, Vlatko"]
[Result "1-0"]
[WhiteElo "2292"]
[BlackElo "2354"]
[PlyCount "45"]
[EventDate "2018.06.17"]
[EventType "swiss"]
[EventRounds "9"]
[EventCountry "SRB"]
[SourceTitle "CBM 185 Extra"]
[Source "ChessBase"]
[SourceDate "2018.07.29"]
[SourceVersion "1"]
[SourceVersionDate "2018.07.29"]
[SourceQuality "1"]

1. e4 e6 2. d4 d5 3. Nc3 h6 4. Bd3 dxe4 5. Nxe4 Nf6 6. Nf3 Nbd7 7. Qe2 Nxe4 8. Bxe4 Bd6 9. Bd2 Qf6 10. 0-0-0 Bf4 11. Bxf4 Qxf4+ 12. Kb1 Qd6 13. h4 c6 14. Ne5 Nf6 15. g4 Bd7 16. g5 Nxe4 17. Qxe4 Qe7 18. Qf4 hxg5 19. hxg5 0-0-0 20. Nxf7 Rxh1 21. Rxh1 Rf8 22. Nd6+ Kc7 23. Nb5+ 1-0

[Event "Veliko Gradiste Silver Lake op"]
[Site "Veliko Gradiste"]
[Date "2018.06.22"]
[Round "7"]
[White "Cerovic, Danilo"]
[Black "Sahil, Tickoo"]
[Result "1/2-1/2"]
[WhiteElo "2292"]
[BlackElo "2179"]
[PlyCount "44"]
[EventDate "2018.06.17"]
[EventType "swiss"]
[EventRounds "9"]
[EventCountry "SRB"]
[SourceTitle "CBM 185 Extra"]
[Source "ChessBase"]
[SourceDate "2018.07.29"]
[SourceVersion "1"]
[SourceVersionDate "2018.07.29"]
[SourceQuality "1"]

1. e4 c5 2. Nf3 d6 3. d4 cxd4 4. Nxd4 Nf6 5. Nc3 a6 6. Bg5 e6 7. f4 Be7 8. Qf3 Qc7 9. 0-0-0 Nbd7 10. g4 h6 11. Bxf6 Bxf6 12. h4 Nb6 13. g5 Bxd4 14. Rxd4 Bd7 15. Be2 Bc6 16. Rhd1 hxg5 17. hxg5 0-0-0 18. Qg3 d5 19. e5 g6 20. a3 Nd7 21. Bf3 Kb8 22. R4d2 Nb6 1/2-1/2

[Event "Veliko Gradiste Silver Lake op"]
[Site "Veliko Gradiste"]
[Date "2018.06.17"]
[Round "1"]
[White "Cerovic, Danilo"]
[Black "Vatkali, Dimitra"]
[Result "1-0"]
[WhiteElo "2292"]
[BlackElo "1946"]
[PlyCount "95"]
[EventDate "2018.06.17"]
[EventType "swiss"]
[EventRounds "9"]
[EventCountry "SRB"]
[SourceTitle "CBM 185 Extra"]
[Source "ChessBase"]
[SourceDate "2018.07.29"]
[SourceVersion "1"]
[SourceVersionDate "2018.07.29"]
[SourceQuality "1"]

1. Nf3 d5 2. g3 Nf6 3. Bg2 g6 4. 0-0 Bg7 5. d4 0-0 6. Be3 Nbd7 7. Qc1 Ng4 8. Bg5 h6 9. Bd2 Kh7 10. c4 c6 11. Na3 a6 12. Qc2 Qb6 13. Bf4 e6 14. c5 Qd8 15. Bd6 Rh8 16. e4 dxe4 17. Qxe4 Ngf6 18. Qc2 Nd5 19. Nc4 N7f6 20. Nfe5 Kg8 21. Rfe1 Ne8 22. Rad1 Bd7 23. Bxd5 cxd5 24. Nb6 Bxe5 25. Bxe5 Rh7 26. Nxa8 Qxa8 27. f3 Qc8 28. g4 f6 29. Bg3 Kf7 30. h3 Ng7 31. Qd2 h5 32. Qf4 hxg4 33. hxg4 g5 34. Qc7 Qxc7 35. Bxc7 f5 36. Kg2 Rh4 37. Bg3 Rh8 38. Be5 fxg4 39. fxg4 Rh4 40. Rf1+ Kg8 41. Kg3 Bb5 42. Rf2 Ne8 43. b3 Rh6 44. a4 Bc6 45. Rdf1 Ng7 46. Rf8+ Kh7 47. R1f7 Rg6 48. Rc7 1-0

[Event "Sarajevo Bosna op 48th"]
[Site "Sarajevo"]
[Date "2018.05.08"]
[Round "6"]
[White "Cerovic, Danilo"]
[Black "Pantovic, Dragan M"]
[Result "1-0"]
[WhiteElo "2307"]
[BlackElo "2107"]
[PlyCount "29"]
[EventDate "2018.05.05"]
[EventType "swiss"]
[EventRounds "9"]
[EventCountry "BIH"]
[SourceTitle "CBM 184 Extra"]
[Source "ChessBase"]
[SourceDate "2018.06.28"]
[SourceVersion "1"]
[SourceVersionDate "2018.06.28"]
[SourceQuality "1"]

1. e4 d6 2. d4 Nf6 3. Nc3 g6 4. Be3 c6 5. Qd2 Nbd7 6. Nf3 b5 7. Bd3 Nb6 8. h3 b4 9. Ne2 a5 10. Ng3 Qc7 11. 0-0 Bg7 12. Bh6 0-0 13. e5 Nfd5 14. Bxg7 Kxg7 15. Nh5+ 1-0

[Event "Sarajevo Bosna op 48th"]
[Site "Sarajevo"]
[Date "2018.05.06"]
[Round "2"]
[White "Cerovic, Danilo"]
[Black "Can, Emre"]
[Result "0-1"]
[WhiteElo "2307"]
[BlackElo "2596"]
[PlyCount "54"]
[EventDate "2018.05.05"]
[EventType "swiss"]
[EventRounds "9"]
[EventCountry "BIH"]
[SourceTitle "CBM 184 Extra"]
[Source "ChessBase"]
[SourceDate "2018.06.28"]
[SourceVersion "1"]
[SourceVersionDate "2018.06.28"]
[SourceQuality "1"]

1. e4 c5 2. Nf3 e6 3. d4 cxd4 4. Nxd4 Nc6 5. Nc3 Qc7 6. Be3 a6 7. Qf3 d6 8. 0-0-0 Bd7 9. Qg3 Nf6 10. f4 g6 11. Bd3 Bg7 12. Nxc6 Bxc6 13. f5 b5 14. fxe6 fxe6 15. e5 dxe5 16. Qh3 0-0 17. Bg5 Qb7 18. Qxe6+ Kh8 19. Bxf6 Rxf6 20. Qxe5 b4 21. Ne2 Bxg2 22. Rhg1 a5 23. Kb1 a4 24. Nf4 Bf3 25. Rde1 Raf8 26. Nh3 a3 27. b3 Qc8 0-1

[Event "Budapest Spring op"]
[Site "Budapest"]
[Date "2018.04.24"]
[Round "7"]
[White "Turov, Maxim"]
[Black "Cerovic, Danilo"]
[Result "1-0"]
[WhiteElo "2610"]
[BlackElo "2330"]
[PlyCount "71"]
[EventDate "2018.04.18"]
[EventType "swiss"]
[EventRounds "9"]
[EventCountry "HUN"]
[SourceTitle "CBM 184 Extra"]
[Source "ChessBase"]
[SourceDate "2018.06.28"]
[SourceVersion "1"]
[SourceVersionDate "2018.06.28"]
[SourceQuality "1"]

1. Nf3 Nf6 2. c4 g6 3. Nc3 d5 4. cxd5 Nxd5 5. Qb3 Nb6 6. d4 Bg7 7. Bf4 Be6 8. Qa3 0-0 9. e3 Nc6 10. Be2 a5 11. Qc5 Nd5 12. Bg3 Ncb4 13. 0-0 b6 14. Qb5 c6 15. Qa4 b5 16. Qd1 Nxc3 17. bxc3 Nd5 18. Qc2 Rc8 19. a4 b4 20. cxb4 axb4 21. Ba6 Ra8 22. Bc4 c5 23. e4 Nc7 24. d5 Bxa1 25. dxe6 Bg7 26. exf7+ Kh8 27. Rd1 Qc8 28. Be5 Ne6 29. Qb2 Bxe5 30. Nxe5 Ng7 31. Qd2 Ra6 32. Bxa6 Qxa6 33. Qd8 Ne6 34. Qxe7 Kg7 35. h4 Qe2 36. Rd6 1-0

[Event "Belgrade Trophy 31st"]
[Site "Belgrade"]
[Date "2017.12.01"]
[Round "8"]
[White "Jacimovic, Dragoljub"]
[Black "Cerovic, Danilo"]
[Result "1/2-1/2"]
[WhiteElo "2397"]
[BlackElo "2333"]
[PlyCount "46"]
[EventDate "2017.11.24"]
[EventType "swiss"]
[EventRounds "9"]
[EventCountry "SRB"]
[SourceTitle "CBM 181 Extra"]
[Source "ChessBase"]
[SourceDate "2017.12.12"]
[SourceVersion "1"]
[SourceVersionDate "2017.12.12"]
[SourceQuality "1"]

1. d4 Nf6 2. c4 g6 3. Nc3 d5 4. cxd5 Nxd5 5. Bd2 Bg7 6. e4 Nb6 7. Be3 0-0 8. h4 e5 9. d5 c6 10. Qd2 cxd5 11. exd5 h5 12. Rd1 Na6 13. Be2 Bd7 14. Nf3 Rc8 15. Bh6 Re8 16. Bxg7 Kxg7 17. 0-0 Nc5 18. Ng5 f6 19. Nge4 Nxe4 20. Nxe4 Bf5 21. Ng3 Bd7 22. Ne4 Bf5 23. Ng3 Bd7 1/2-1/2

[Event "Belgrade Trophy 31st"]
[Site "Belgrade"]
[Date "2017.11.29"]
[Round "6"]
[White "Cerovic, Danilo"]
[Black "Leskur, Dejan"]
[Result "1-0"]
[WhiteElo "2333"]
[BlackElo "2393"]
[PlyCount "63"]
[EventDate "2017.11.24"]
[EventType "swiss"]
[EventRounds "9"]
[EventCountry "SRB"]
[SourceTitle "CBM 181 Extra"]
[Source "ChessBase"]
[SourceDate "2017.12.12"]
[SourceVersion "1"]
[SourceVersionDate "2017.12.12"]
[SourceQuality "1"]

1. e4 d6 2. d4 Nf6 3. Nc3 g6 4. f4 Bg7 5. Nf3 0-0 6. Bd3 Na6 7. 0-0 c5 8. d5 Bg4 9. Bc4 Nc7 10. h3 Bxf3 11. Qxf3 a6 12. a4 Nd7 13. Qd3 Nb6 14. Bb3 Rc8 15. Ba2 Qd7 16. a5 Na4 17. Nd1 b5 18. axb6 Nxb6 19. Ne3 Rb8 20. c3 Kh8 21. f5 Qb5 22. Bc4 Nxc4 23. Nxc4 gxf5 24. Rxf5 Ne8 25. Bg5 f6 26. Bd2 Nc7 27. Kh1 Qe8 28. Raf1 Rg8 29. Qf3 Qg6 30. Rh5 Bf8 31. Bc1 Qg3 32. Rxh7+ 1-0

[Event "Belgrade Trophy 31st"]
[Site "Belgrade"]
[Date "2017.11.28"]
[Round "5"]
[White "Cetkovic, Miodrag"]
[Black "Cerovic, Danilo"]
[Result "0-1"]
[WhiteElo "2223"]
[BlackElo "2333"]
[PlyCount "128"]
[EventDate "2017.11.24"]
[EventType "swiss"]
[EventRounds "9"]
[EventCountry "SRB"]
[SourceTitle "CBM 181 Extra"]
[Source "ChessBase"]
[SourceDate "2017.12.12"]
[SourceVersion "1"]
[SourceVersionDate "2017.12.12"]
[SourceQuality "1"]

1. e4 e6 2. b3 d5 3. Bb2 Nf6 4. exd5 exd5 5. d4 Bb4+ 6. c3 Bd6 7. Nf3 0-0 8. Be2 Bg4 9. 0-0 Nbd7 10. Nbd2 Re8 11. Re1 Ne4 12. Nf1 c6 13. a3 Qf6 14. c4 Bf4 15. Qc2 Bf5 16. Bd3 Bg6 17. Rad1 Re7 18. Bc1 Bh5 19. Be2 Rae8 20. Be3 Bxe3 21. fxe3 Nd6 22. Ne5 Bxe2 23. Nxd7 Rxd7 24. Rxe2 Qe6 25. cxd5 cxd5 26. Rf2 g6 27. Rd3 Ne4 28. Rf3 Qd6 29. b4 Rc7 30. Qa4 Ra8 31. Ng3 Rc1+ 32. Rf1 Nxg3 33. hxg3 Rac8 34. Rdd1 Rxd1 35. Qxd1 Qxg3 36. Rf3 Qc7 37. Qb3 Qd7 38. Rf1 Kg7 39. Re1 Qf5 40. Rf1 Qe4 41. Rf4 Rc1+ 42. Rf1 Rc2 43. Rf2 Rc4 44. Rf4 Qe6 45. Qd3 f5 46. Rf3 Qe4 47. Qd1 Qc2 48. Rf1 Qxd1 49. Rxd1 Kf6 50. Rd2 h5 51. Kf2 h4 52. Rb2 g5 53. a4 g4 54. a5 Kg5 55. b5 b6 56. axb6 axb6 57. Ra2 g3+ 58. Kf1 Rc1+ 59. Ke2 Rg1 60. Kd3 Kg4 61. Ra8 Rxg2 62. e4 fxe4+ 63. Ke3 Rb2 64. Rg8+ Kh3 0-1

[Event "Palic Karadzic Memorial op"]
[Site "Palic"]
[Date "2017.11.01"]
[Round "7"]
[White "Nagy, Attila"]
[Black "Cerovic, Danilo"]
[Result "0-1"]
[WhiteElo "2191"]
[BlackElo "2333"]
[PlyCount "54"]
[EventDate "2017.10.28"]
[EventType "swiss"]
[EventRounds "9"]
[EventCountry "SRB"]
[SourceTitle "CBM 181 Extra"]
[Source "ChessBase"]
[SourceDate "2017.12.12"]
[SourceVersion "1"]
[SourceVersionDate "2017.12.12"]
[SourceQuality "1"]

1. Nf3 Nf6 2. c4 g6 3. Nc3 d5 4. cxd5 Nxd5 5. Qc2 Nb6 6. g3 Bg7 7. Bg2 0-0 8. d3 Nc6 9. 0-0 h6 10. Be3 e5 11. Ne4 Nd4 12. Nxd4 exd4 13. Bd2 Nd5 14. a4 a5 15. Qc4 c6 16. Nc5 Qe7 17. Rfe1 Rd8 18. Nb3 Be6 19. Qc1 Nb4 20. Nc5 Bd5 21. Bxb4 axb4 22. Bxd5 Rxd5 23. Nb3 Qe6 24. Qc2 Qh3 25. Nd2 Bf8 26. a5 Qf5 27. a6 b5 0-1

[Event "Kavala op 26th"]
[Site "Kavala"]
[Date "2017.07.30"]
[Round "3"]
[White "Malikentzos, Sotirios"]
[Black "Cerovic, Danilo"]
[Result "1/2-1/2"]
[WhiteElo "2440"]
[BlackElo "2335"]
[PlyCount "204"]
[EventDate "2017.07.28"]
[EventType "swiss"]
[EventRounds "9"]
[EventCountry "GRE"]
[SourceTitle "CBM 179 Extra"]
[Source "ChessBase"]
[SourceDate "2017.08.23"]
[SourceVersion "1"]
[SourceVersionDate "2017.08.23"]
[SourceQuality "1"]

1. Nf3 Nf6 2. g3 g6 3. b3 Bg7 4. Bb2 d5 5. c4 c6 6. Bg2 0-0 7. 0-0 Nbd7 8. Qc2 b6 9. d3 Re8 10. Ne5 Nxe5 11. Bxe5 Bb7 12. Nd2 c5 13. cxd5 Nxd5 14. Bxg7 Kxg7 15. a3 Kg8 16. Qb2 Qd7 17. b4 cxb4 18. axb4 Nf6 19. Nf3 Qd6 20. Rfc1 a6 21. Qe5 Bxf3 22. Qxd6 exd6 23. Bxf3 d5 24. Rc7 Re6 25. Rb7 Rd6 26. e3 a5 27. Ra4 Nd7 28. d4 Nf6 29. bxa5 Rxa5 30. Rxb6 Rxb6 31. Rxa5 Rd6 32. Rb5 h5 33. Bd1 Kf8 34. Bb3 g5 35. h3 g4 36. hxg4 hxg4 37. Kg2 Ke7 38. Rb7+ Ke6 39. Kf1 Ne4 40. Bc2 f5 41. Rg7 Kf6 42. Bxe4 dxe4 43. Rh7 Rd5 44. Rh6+ Ke7 45. Ra6 Rb5 46. Ra2 Rb3 47. Ke2 Rd3 48. Rd2 Ra3 49. Kd1 Ra1+ 50. Kc2 Kd6 51. Kb3 Rb1+ 52. Rb2 Rc1 53. Kb4 Rc8 54. Ra2 Rb8+ 55. Kc3 Rc8+ 56. Kd2 Rb8 57. Ra6+ Ke7 58. Kc3 Rc8+ 59. Kb3 Rc1 60. Ra5 Ke6 61. Re5+ Kf6 62. Rc5 Rb1+ 63. Kc4 Rb2 64. Rc6+ Ke7 65. Kd5 Rxf2 66. Ke5 Rf3 67. Rc3 f4 68. gxf4 g3 69. Rc7+ Kf8 70. Kf6 Ke8 71. Rc8+ Kd7 72. Rg8 Rxe3 73. Ke5 Ke7 74. f5 Kf7 75. Rg6 Rb3 76. Kxe4 Ra3 77. d5 Ra4+ 78. Ke5 Ra3 79. Rf6+ Kg7 80. Rd6 Re3+ 81. Kd4 Ra3 82. Rg6+ Kf7 83. Kc5 Rc3+ 84. Kd6 Ra3 85. Kc7 Rc3+ 86. Kd7 Rd3 87. d6 Rc3 88. Kd8 Rd3 89. d7 Rc3 90. Rg4 Kf6 91. Rg8 Kxf5 92. Ke7 Re3+ 93. Kf7 Rd3 94. d8Q Rxd8 95. Rxd8 Ke4 96. Kf6 g2 97. Rd1 Kf3 98. Kf5 Kf2 99. Rd2+ Kf1 100. Kf4 g1Q 101. Rd1+ Kg2 102. Rxg1+ Kxg1 1/2-1/2